| 000 | 00361nam a2200133Ia 4500 | ||
|---|---|---|---|
| 008 | 240624s9999 xx 000 0 und d | ||
| 041 | _aeng | ||
| 082 | _a005.74 CHI | ||
| 100 | _aCHIN AMITA GOYAL | ||
| 245 | _aTEXT DATABASES AND DOCUMENT MANAGEMENT T | ||
| 260 |
_c2001 _aLondon _bIdea Group Publishing |
||
| 300 | _aiii, : 248 : p. : cm. ; 25 | ||
| 365 |
_c _b30 |
||
| 999 |
_c16465 _d16465 |
||